000 00571nam a2200205 4500
001 132344
003 ES-MaACL
005 20240531062943.0
007 t|
008 070214s1956 sp r ||||1| spa d
100 1 _aRomero Pérez, Luis,
_d1916-2009
_999338
245 1 0 _aLibro de las tabernas de España /
_cLuis Romero.
250 _a1ª ed.
260 _aBarcelona :
_bAHR,
_c1956.
300 _a341 p., 10 lám. ;
_c21 cm.
490 1 _aAmanecer
830 0 _aAmanecer
_9181036
852 _aES-MaACL
_jC-11577
_bR.38917
999 _c132344
_d132344